Genocide, state crime and the law / (Record no. 15495)

000 -LEADER
fixed length control field 00860cam a22002898a 4500
001 - CONTROL NUMBER
control field 16640549
005 - DATE AND TIME OF LATEST TRANSACTION
control field 20170105102919.0
008 - FIXED-LENGTH DATA ELEMENTS--GENERAL INFORMATION
fixed length control field 110207s2011 enk 000 0 eng
010 ## - LIBRARY OF CONGRESS CONTROL NUMBER
LC control number 2011005699
020 ## - INTERNATIONAL STANDARD BOOK NUMBER
International Standard Book Number 9780415543811
040 ## - CATALOGING SOURCE
Original cataloging agency DLC
Transcribing agency DLC
050 00 - LIBRARY OF CONGRESS CALL NUMBER
Classification number K5302
Item number .B35 2011
082 00 - DEWEY DECIMAL CLASSIFICATION NUMBER
Classification number 345/.0251
Edition number 22
100 1# - MAIN ENTRY--PERSONAL NAME
Personal name Balint, Jennifer.
245 10 - TITLE STATEMENT
Title Genocide, state crime and the law /
Statement of responsibility, etc. In the Name of the State Jennifer Balint.
260 ## - PUBLICATION, DISTRIBUTION, ETC.
Place of publication, distribution, etc. Milton Park, Abingdon, Oxon ;
-- New York :
Name of publisher, distributor, etc. Routledge,
Date of publication, distribution, etc. 2011.
263 ## - PROJECTED PUBLICATION DATE
Projected publication date 1108
300 ## - PHYSICAL DESCRIPTION
Extent 240p.
Other physical details 24cm
650 #0 - SUBJECT ADDED ENTRY--TOPICAL TERM
Topical term or geographic name entry element Genocide.
650 #0 - SUBJECT ADDED ENTRY--TOPICAL TERM
Topical term or geographic name entry element State crimes.
650 #0 - SUBJECT ADDED ENTRY--TOPICAL TERM
Topical term or geographic name entry element Crimes against humanity.
650 #0 - SUBJECT ADDED ENTRY--TOPICAL TERM
Topical term or geographic name entry element Political crimes and offenses.
650 #0 - SUBJECT ADDED ENTRY--TOPICAL TERM
Topical term or geographic name entry element Atrocities.
906 ## - LOCAL DATA ELEMENT F, LDF (RLIN)
a 7
b cbc
c orignew
d 1
e ecip
f 20
g y-gencatlg
942 ## - ADDED ENTRY ELEMENTS (KOHA)
Source of classification or shelving scheme
Koha item type Book
Holdings
Withdrawn status Lost status Damaged status Not for loan Collection code Permanent Location Current Location Shelving location Date acquired Total Checkouts Full call number Barcode Date last seen Date last checked out Price effective from Koha item type
          Centre for International Peace & Stability (CIPS) Centre for International Peace & Stability (CIPS) General Stacks 10/02/2013 1 345.0251 BAL 2012 CIPS0002166 02/23/2026 05/05/2025 12/03/2013 Book
© 2023 Central Library, National University of Sciences and Technology. All Rights Reserved.